| Tag |
First Indicator |
Second Indicator |
Subfields |
| LEADER |
00000cam a2200000 4500 |
| 001 |
in00000075249 |
| 005 |
20151008052615.0 |
| 008 |
720518s1962 nyu 00000 eng u |
| 010 |
|
|
|a 62010893
|
| 035 |
|
|
|a (OCoLC)00311868
|
| 035 |
|
|
|9 AAH4096AM
|
| 040 |
|
|
|c OUN
|d TXA
|d UtOrBLW
|
| 049 |
|
|
|a TXAM
|c [345718]
|
| 050 |
|
0 |
|a HN29
|b .B55
|
| 082 |
0 |
|
|a 374.8
|
| 092 |
|
|
|a 374.8
|b B627y, 1962
|
| 100 |
1 |
|
|a Black, Algernon D.
|q (Algernon David),
|d 1900-1993.
|
| 245 |
1 |
4 |
|a The young citizens ;
|b the story of the Encampment for Citizenship.
|
| 264 |
|
1 |
|a New York :
|b Ungar,
|c [1962]
|
| 300 |
|
|
|a 416 pages :
|b illustrations ;
|c 22 cm.
|
| 336 |
|
|
|a text
|b txt
|2 rdacontent
|
| 337 |
|
|
|a unmediated
|b n
|2 rdamedia
|
| 338 |
|
|
|a volume
|b nc
|2 rdacarrier
|
| 610 |
2 |
0 |
|a Encampment for Citizenship.
|
| 999 |
|
|
|a MARS
|
| 999 |
f |
f |
|s cf28cef5-8257-3147-95f2-3639cb532d38
|i 0f6b6609-d468-3dad-ad20-595937fbcc57
|t 0
|
| 952 |
f |
f |
|p ric
|a Texas A&M University
|b Rellis Campus
|c Joint Library Facility
|d Remote Storage
|t 0
|e HN29 .B55
|h Library of Congress classification
|i unmediated -- volume
|m A14800857488
|
| 998 |
f |
f |
|a HN29 .B55
|t 0
|l Remote Storage
|